FIFA World Cup 2022 Teams - Statistics

General Stats
  • This quiz has been taken 389 times
  • The average score is 27 of 32
Answer Stats
Group Answer % Correct
C Argentina
97%
D France
95%
E Spain
94%
B England
93%
G Brazil
92%
H Portugal
92%
B United States
92%
E Germany
91%
E Japan
90%
C Mexico
90%
A Netherlands
89%
D Australia
88%
A Qatar
88%
C Saudi Arabia
87%
F Morocco
86%
H South Korea
86%
F Belgium
85%
H Uruguay
85%
F Canada
84%
F Croatia
84%
C Poland
82%
A Senegal
82%
B Iran
80%
D Denmark
78%
A Ecuador
78%
B Wales
77%
G Switzerland
76%
G Cameroon
74%
H Ghana
72%
E Costa Rica
71%
G Serbia
70%
D Tunisia
64%
No matching quizzes found
Score Distribution
Percent of People with Each Score
Percentile by Number Answered
Your Score History
You have not taken this quiz